Normal view MARC view
  • Karachi (Pakistan)

Entry Geographic Name

Number of records used in: 7

001 - CONTROL NUMBER

  • control field: 5459

003 - CONTROL NUMBER IDENTIFIER

  • control field: NUST

005 - DATE AND TIME OF LATEST TRANSACTION

  • control field: 20171013124429.0

008 - FIXED-LENGTH DATA ELEMENTS

  • fixed length control field: 171013|| aca||aabn | a|a d

040 ## - CATALOGING SOURCE

  • Original cataloging agency: NUST
  • Transcribing agency: NUST

151 ## - HEADING--GEOGRAPHIC NAME

  • Geographic name: Karachi (Pakistan)
  • General subdivision: History, Local.

670 ## - SOURCE DATA FOUND

  • Source citation: Work cat.: (NUST)0: Cheema, Yasmin. 5456, The historical quarters of Karachi /, 2007.
© 2023 Central Library, National University of Sciences and Technology. All Rights Reserved.